Optoelectronics Device Data (Record no. 166029)
[ view plain ]
| 000 -LEADER | |
|---|---|
| fixed length control field | 00452nam a2200181Ia 4500 |
| 008 - FIXED-LENGTH DATA ELEMENTS--GENERAL INFORMATION | |
| fixed length control field | 230612s9999 xx 000 0 und d |
| 041 ## - LANGUAGE CODE | |
| Language code of text/sound track or separate title | eng |
| 082 ## - DEWEY DECIMAL CLASSIFICATION NUMBER | |
| Classification number | 621.381 045 MOT |
| 100 ## - MAIN ENTRY--PERSONAL NAME | |
| Personal name | Motorola |
| 245 ## - TITLE STATEMENT | |
| Title | Optoelectronics Device Data |
| 260 ## - PUBLICATION, DISTRIBUTION, ETC. (IMPRINT) | |
| Date of publication, distribution, etc. | 1987 |
| Name of publisher, distributor, etc. | Motorola |
| 300 ## - PHYSICAL DESCRIPTION | |
| Extent | 369 |
| Dimensions | Ref 64 E (1747) |
| 365 ## - TRADE PRICE | |
| Currency code | Rs. |
| Price amount | 270.00 |
| 500 ## - GENERAL NOTE | |
| Keywords | 64 E |
| 700 ## - ADDED ENTRY--PERSONAL NAME | |
| Personal name | Motorola |
| 906 ## - LOCAL DATA ELEMENT F, LDF (RLIN) | |
| d | B:963719-Mar-1993 |
| c | ETC |
| b | 40.5 |
| Withdrawn status | Lost status | Source of classification or shelving scheme | Reference No | Damaged status | Not for loan | Collection code | Home library | Current library | Date acquired | Vendor | Budget Code | Cost, normal purchase price | Bill number | Full call number | Barcode | Date last seen | Discount | Cost, replacement price | Bill Date | Koha item type | Original Barcode |
|---|---|---|---|---|---|---|---|---|---|---|---|---|---|---|---|---|---|---|---|---|---|
| Dewey Decimal Classification | Ref 64 E (1747) | Reference | Cummins College of Engineering for Women Pune | Cummins College of Engineering for Women Pune | 29/03/1993 | Varma Book Distributors | ETC | 229.50 | 9637 | 621.381 045 MOT | CCEP-BK-1747 | 12/06/2023 | 40.5 | 270.00 | 19/03/1993 | Books | 001747 |